| 000 | 00654nam a2200217 a 4500 | ||
|---|---|---|---|
| 005 | 20240925065439.0 | ||
| 008 | 991125s1973 ea 000 0 eng u | ||
| 020 | _a0416704603 | ||
| 035 | _aUPN01000017067 | ||
| 049 | _aCG | ||
| 050 | 4 |
_aLC189 _bJ4.38 |
|
| 100 | 1 | _aJensen, Arthur Robert | |
| 245 | 1 | 0 |
_aEducability and group difference / _cArthur R. Jensen. |
| 260 |
_aLondon : _bMethuen, _c1973. |
||
| 300 |
_a407 p. : _bil. |
||
| 440 | 0 |
_aUniversity paperbacks ; _v564 |
|
| 650 | 4 |
_aEducación _xAspectos sociales _95311 |
|
| 650 | 7 |
_aEducación y Estado _zEstados Unidos _2 _917997 |
|
| 650 | 4 |
_aSociología de la educación _94896 |
|
| 905 | _aLibro | ||
| 999 |
_c17067 _d17067 |
||